Compensation Managment (Record no. 3479)

MARC details
000 -LEADER
fixed length control field 00311nam a2200133Ia 4500
008 - FIXED-LENGTH DATA ELEMENTS--GENERAL INFORMATION
fixed length control field 191201s2008 xx 000 0 und d
082 ## - DEWEY DECIMAL CLASSIFICATION NUMBER
Classification number 658.32
Item number SIC
100 ## - MAIN ENTRY--PERSONAL NAME
Personal name Singh, Soni Shyam
245 #0 - TITLE STATEMENT
Title Compensation Managment
260 ## - PUBLICATION, DISTRIBUTION, ETC. (IMPRINT)
Place of publication, distribution, etc -
Name of publisher, distributor, etc Excel Books
Date of publication, distribution, etc 2008
300 ## - PHYSICAL DESCRIPTION
Extent 270
650 ## - SUBJECT ADDED ENTRY--TOPICAL TERM
Topical term or geographic name as entry element MBA
942 ## - ADDED ENTRY ELEMENTS (KOHA)
Source of classification or shelving scheme Dewey Decimal Classification
Koha item type Text Books
942 ## - ADDED ENTRY ELEMENTS (KOHA)
-- 2
Holdings
Withdrawn status Lost status Source of classification or shelving scheme Damaged status Not for loan Collection code Home library Current library Date acquired Source of acquisition Cost, normal purchase price Bill Number Total Checkouts Full call number Acc. no. / Barcode Date last seen Date last borrowed Bill Date Koha item type
    Dewey Decimal Classification     MBA PIET C-LIBRARY PIET C-LIBRARY 03/10/2008 J B C, New Delhi 225.00 S1-2180 1 658.322 SIC 9147 30/09/2020 27/08/2020 01/08/2008 Text Books
    Dewey Decimal Classification     MBA PIET C-LIBRARY PIET C-LIBRARY 03/10/2008 J B C, New Delhi 225.00 S1-2180   658.322 SIC 9148 04/12/2019   01/08/2008 Text Books
    Dewey Decimal Classification     MBA PIET C-LIBRARY PIET C-LIBRARY 03/10/2008 J B C, New Delhi 225.00 S1-2180 1 658.322 SIC 9149 30/09/2020 27/08/2020 01/08/2008 Text Books
    Dewey Decimal Classification     MBA PIET C-LIBRARY PIET C-LIBRARY 03/10/2008 J B C, New Delhi 225.00 S1-2180   658.322 SIC 9150 04/12/2019   01/08/2008 Text Books

Design & Developed by: PIET Central Library
R70 Miles Stone Pattikalyana Samalkha Panipat 132102
mail ID :- [email protected], Phone No:- 0180-2569700 Ex.216